| 000 | 00682nam a2200205 a 4500 | ||
|---|---|---|---|
| 001 | 000014154 | ||
| 005 | 20240412074241.0 | ||
| 008 | 091207s2004 dr a 000 f spa d | ||
| 040 |
_aDO-SdBNP _bspa _cBNPHU |
||
| 082 |
_aRD863.44 _bR788L |
||
| 100 | 1 |
_aRosado, Marcial F. _d1972- _931996 |
|
| 245 | 1 | 3 |
_aEl lanzador de redes / _cMarcial F. Rosado. |
| 260 |
_aSanto Domingo : _bAsodolibro, _c2004. |
||
| 300 |
_a130 p. : _bil. ; _c21 cm. |
||
| 500 | _aIncluye datos biográficos del autor en la solapa de la cubierta | ||
| 590 | _aInventariado, 2019/VM | ||
| 650 | 4 |
_aFábulas dominicanas _97204 |
|
| 650 | 0 |
_aLiteratura dominicana. _967 |
|
| 910 | _aValidado. Control de calidad MFF | ||
| 999 |
_c13756 _d13756 |
||